| 000 | 00710cam a22002531 4500 | ||
|---|---|---|---|
| 001 | 9322861 | ||
| 003 | OSt | ||
| 005 | 20140310184456.0 | ||
| 008 | 830210s1954 nyua j 000 0 eng | ||
| 010 | _a 54002640 | ||
| 020 | _a0590089072 | ||
| 040 |
_aDLC _cCarP _dDLC |
||
| 050 | 0 | 0 |
_aPZ 7 _b.B423Mad 1939 |
| 100 | 1 |
_aBemelmans, Ludwig, _d1898-1962. _928416 |
|
| 245 | 1 | 0 |
_aMadeline / _cstory and pictures by Ludwig Bemelmans. |
| 260 |
_aNew York : _bSimon and Schuster, _c1939. |
||
| 300 |
_bcol. ill. ; _c23 cm. |
||
| 521 | _aG2 | ||
| 526 | _c480 | ||
| 650 |
_aSick _xJuvenile fiction. _928417 |
||
| 906 |
_a0 _bcbc _cpremunv _du _encip _f19 _gy-gencatlg |
||
| 942 |
_2lcc _cBK-SCHOLAS |
||
| 999 |
_c34669 _d34669 |
||